000 01400nam a2200325 i 4500
001 179733
003 ES-MaACL
005 20250902235443.0
008 120113s2010 sp abe |||| |bspa d
020 _a978-84-920755-9-1
080 _a62/69 Turriano, Leonardo
080 _a623(460)"15/16"
100 1 _aCámara Muñoz, Alicia.
_933995
245 1 0 _aLeonardo Turriano, ingeniero del rey /
_cautores, Alicia Cámara, Rafael Moreira, Marino Viganò ; transcripción y notas de la "Descripción de las Plaças de Orán y Mazarquivir" a cargo de Daniel Crespo Delgado.
260 _a[Madrid] :
_bFundación Juanelo Turriano,
_c[2010]
300 _a282 p. (algunas pleg.) :
_bil. col. y n., mapas, planos ;
_c27 cm.
504 _aReferencias bibliográficas.
600 1 7 _aTurriano, Leonardo.
_9149062
650 7 _aIngeniería militar-
_zEspaña
_2
_9149063
700 1 _aTurriano, Leonardo.
_9149062
700 1 _aMoreira, Rafael.
_9149064
700 1 _aViganò, Marino.
_9149065
700 1 _aCrespo Delgado, Daniel,
_d1974-
_9237517
710 2 _aFundación Juanelo Turriano.
_94352
740 0 2 _aDescripción de las Plaças de Orán y Mazarquivir.
852 _aES-MaACL
_jA-11845
_9186633
_bR.148504
_cDEPO1
_dOlim: N-4850
_xDonación: Fundación Juanelo Turriano
912 _94352
_aFundación Juanelo Turriano
942 _2udc
_cMONOGRAFIA
999 _c179733
_d179733